| 000 | 00641nam a22002177a 4500 | ||
|---|---|---|---|
| 999 |
_c17740 _d17740 |
||
| 003 | AR-CdUCM | ||
| 008 | 190509b ||||| |||| 00| 0 spa d | ||
| 040 |
_aMUNICIPALIDAD PROVINCIAL DEL CUSCO _cBIBLIOTECA MUNICIPAL DEL CUSCO |
||
| 082 |
_a895.401 / _bV19 |
||
| 100 |
_aGuixé, Juan _937895 |
||
| 245 |
_aValimiki : _bEl ramayana / |
||
| 260 |
_aMéxico : _bNacional, _c1972. |
||
| 300 |
_a290 páginas ; _c18 cm. |
||
| 505 | _aContenido : El ramayana. | ||
| 650 |
_aLiteratura _983 |
||
| 650 |
_aMexicana _913614 |
||
| 650 |
_aSiglo XX _98 |
||
| 700 |
_aFauche (Traducción) _937896 |
||
| 942 |
_2ddc _cLIBROS |
||
| 945 |
_arah _d09/05/2019 |
||